| 000 | 00573nam a2200205 i 4500 | ||
|---|---|---|---|
| 001 | bg | ||
| 100 | 1 | _aMcCLELLAND, Deke | |
| 245 | 0 |
_aMacworld Photoshop 4 bible / _cDeke McClelland ; przedm. Mark Hamburg. |
|
| 260 |
_aWarszawa : _bPLJ, _c1997. |
||
| 300 |
_a733 s.,[8]k.tabl.kolor. : _brys., fot. ; _c24 cm. |
||
| 650 | 9 | _aPhotoshop | |
| 655 | _aPodręczniki | ||
| 020 | _a8371013647 | ||
| 040 | _cBPK | ||
| 041 | 1 |
_apl _hen |
|
| 080 | _a681.322.05/.06:741/744:655.1/.3](07) | ||
| 920 | _a83-7101-364-7 | ||
| 942 | _cKS | ||
| 008 | s pl f |000 0 pol | ||
| 999 |
_c32383 _d32383 |
||
| 856 |
_uhttp://koha.tu.koszalin.pl/cgi-bin/koha/opac-detail.pl?biblionumber=32383 _yKatalog online BPK |
||